Personnages d'Astérix par image - Statistiques

Statistiques générales
  • Ce quiz a été pris 10 698 fois
  • Le résultat moyen est 12 sur 20
Statistiques - réponses
Par images Réponse % Correct
Astérix
100%
Obélix
100%
Idéfix
98%
Panoramix
95%
Jules César
92%
Cléopâtre
90%
Falbala
80%
Abraracourcix
72%
Assurancetourix
68%
Bonemine
68%
Agecanonix
59%
Ordralfabétix
48%
Cétautomatix
47%
Numérobis
42%
Goudurix
23%
Mme Agecanonix
19%
Pépé
19%
Ielosubmarine
15%
Epidemaïs
13%
Mme Cétautomatix
10%
Aucun quiz correspondant
Distribution des résultats
% des personnes avec chaque résultat
Percentile par nombre de réponses
Votre historique - résultats
Vous n’avez pas pris ce quiz